Score 0/17 Timer 15:00
0 Plays Today
% Correct
Ichigo Kurosaki
98.9%
Rukia Kuchiki
80%
Byakuya Kuchiki
49.5%
Uryuu Ishida
27.4%
Kon
25.3%
Renji Abari
21.1%
Gin Ichimaru
20%
Kenpachi
18.9%
Rangiku Matsumoto
15.8%
% Correct
Urahara Kisuke
11.6%
Aizen Sosuke
7.4%
Hichigo
5.3%
Zangetsu
5.3%
Toshiro Hitsuguya
3.2%
Neliel Tu
2.1%
Grimmjow Jaggerjacks
1.1%
Ulquiorra Schieffer
1.1%
Come Together.
Have Fun.
All Virtual.
We all need to come together. Play Sporcle's virtual live trivia to have fun, connect with people, and get your trivia on. Join a live hosted trivia game for your favorite pub trivia experience done virtually. If a virtual private party is more your thing, go here for details.

You're not logged in!

Compare scores with friends on all Sporcle quizzes.
OR
Log In

Sporcle TV

Today on Sporcle TV


Watch our educational content, quiz creation guides, and fun videos on Sporcle TV.

Show Comments

Extras

Created Feb 25, 2011ReportNominate
Tags:bleach, Character

Top Quizzes Today


Score Distribution

Paid Content

Your Account Isn't Verified!

In order to create a playlist on Sporcle, you need to verify the email address you used during registration. Go to your Sporcle Settings to finish the process.

Report this User

Report this user for behavior that violates our Community Guidelines.

Details: